Die teuersten Fußballtransfers - Defensive Mittelfeldspieler - 2022-23 - Statistiken

Allgemein
  • Dieses Quiz wurde 25 mal gespielt
  • Das Durchschnittsergebnis liegt bei 5 aus 10
Antwortstatistiken
Ablöse (M €) Nationalität Abgebender Verein Aufnehmender Verein Spieler % Korrekt
70,65 Brasilien Real Madrid Manchester United Casemiro
100%
80,00 Frankreich AS Monaco Real Madrid Aurélien Tchouaméni
95%
49,00 England Leeds United Manchester City Kalvin Phillips
59%
39,87 Belgien LOSC Lille FC Everton Amadou Onana
55%
24,90 Portugal Sporting CP FC Fulham João Palhinha
45%
17,00 Vereinigte Staaten RB Lripzig Leeds United Tyler Adams
41%
29,20 Mali Brighton Tottenham Yves Bissouma
27%
22,26 Belgien Manchester City U21 Southampton Roméo Lavia
18%
22,60 Mali RC Lens Crystal Palace Cheick Doucouré
9%
20,00 Brasilien Palmeiras Nottingham Forest Danilo
5%
Keine übereinstimmenden Quizze gefunden
Verteilung der Resultate
Anzahl Personen mit jedem Resultat
Perzentil nach korrekt beantworteten Fragen
Ihre Resultats-Entwicklung
Sie haben dieses Quiz noch nicht gespielt